| 000 | 00568nam a2200169 a 4500 | ||
|---|---|---|---|
| 001 | 000035717 | ||
| 005 | 20200930074545.0 | ||
| 008 | 111109s1953 ve 000 0 spa d | ||
| 040 |
_aDO-SdBNP _bspa _cBNPHU |
||
| 082 |
_axxxx _bM552p |
||
| 245 | 0 | 0 |
_aPresencia de Ivan P. Pavlov / _cpresentación, recopilación y notas Alberto L. Merani. |
| 260 |
_aMerida : _bUniversidad de los Andes, _c1953. |
||
| 300 |
_a222 p. ; _c20 cm. |
||
| 590 | _aPerteneció a la biblioteca personal de Juan Isidro Jimenes Grullón | ||
| 700 | 1 | 2 |
_aMerani, Alberto L., _960349 |
| 049 | _aBNGR | ||
| 999 |
_c35208 _d35208 |
||